[Event "GER-ch 71st"]
[Site "Altenkirchen"]
[Date "1999.11.17"]
[Round "6"]
[White "Heinemann, Thies"]
[Black "Kersten, Uwe"]
[Result "1/2-1/2"]
[WhiteElo "2489"]
[BlackElo "2366"]
[Annotator "Schulz,Andre"]
[PlyCount "212"]
[EventDate "1999.11.12"]
[EventType "swiss"]
[EventRounds "9"]
[EventCountry "GER"]
[SourceTitle "CBM 074"]
[Source "ChessBase"]
[SourceDate "2000.02.01"]
[SourceVersion "1"]
[SourceVersionDate "2000.02.01"]
[SourceQuality "1"]

1. e4 c5 2. Nc3 Nc6 3. Nge2 g6 4. d4 cxd4 5. Nxd4 Bg7 6. Be3 d6 7. Qd2 Nf6 8.
f3 O-O 9. O-O-O Nxd4 {Klassisch.} ({Die heute häufiger gespielte Alternative
ist} 9... d5) 10. Bxd4 Be6 11. Kb1 Qc7 (11... Qa5 $2 12. Nd5 $16 {ist eine
bekannte Falle.}) 12. h4 Rfc8 13. h5 ({Häufiger wird der Vorstoß h4-h5 mit} 13.
g4 {vorbereitet.}) 13... Qa5 14. hxg6 hxg6 15. a3 Rab8 16. Bd3 b5 17. Qg5 a6
18. Rh2 ({Bekannt ist} 18. f4 Rb7 19. Rh6 Bc4 20. Rdh1 Bxd3 21. cxd3 e5 22.
fxe5 b4 {[#]} 23. Rh8+ Bxh8 24. Rxh8+ Kxh8 25. Qxf6+ Kh7 26. exd6 Rg8 27. Nd5
$18 {1-0 Kuporosov,V-Jirovsky,P/Pardubice 1993/TD (37)}) 18... Rc5 $1 {Es doch
gibt immer wieder neue Idee, wie man im Drachen die Qualität loswerden kann.
Oft opfert Schwarz die Qualität und bekommt einen Bauern, hier gibt er einen.}
19. Bxc5 dxc5 20. Qxc5 Nd7 {Schwarz hat starke Initiative als Kompensation.}
21. Qb4 (21. Qxe7 $2 b4 22. axb4 Rxb4 $19 23. Kc1 $140 Rxb2 24. Kxb2 Bxc3+ 25.
Kc1 Qa1#) 21... Qc7 {[%csl Rb4][%cal Rc7h2]} 22. Rdh1 $6 (22. Rhh1 $5 a5 $140
23. Nxb5) 22... a5 23. Qxe7 (23. Nxb5 Qxh2 $17) 23... Bf6 (23... b4 $5 24. Nd5
Qe5) 24. Nd5 Bxd5 25. e5 (25. exd5 $2 Bxe7 26. Rh8+ Kg7 27. R1h7+ Kf6 $19)
25... Qxe5 (25... Bxe7 26. Rh8+ Kg7 27. R1h7#) 26. Qxe5 Bxe5 27. Rh4 Nc5 28.
Rd1 Nxd3 29. Rxd3 Be6 $17 30. Re4 Bf6 31. Rd6 Kg7 32. Ra6 Bf5 33. Re2 a4 34.
Ka2 Rc8 35. Kb1 Rd8 36. g4 Rd1+ 37. Ka2 Be6+ 38. Rexe6 fxe6 39. Rxe6 Rf1 40.
Rb6 Rxf3 41. Rxb5 Rf4 42. g5 Be7 43. b4 axb3+ 44. Kxb3 Rf5 45. a4 Bxg5 46. c4
Be3 47. a5 Kf6 48. Kb4 Ke6 49. c5 Rf4+ 50. Kb3 Kd5 51. c6+ Kxc6 $4 {Verliert
den letzten Bauern.} (51... Kd6 52. a6 Rf3 53. Kc4 Kxc6 54. Rb7 g5 55. Rg7 Kb6
56. Rg6+ (56. a7 Rf8 $19) 56... Ka7 57. Kd5 $19 {Plan: Mit dem Turm den Bauern
abholen, dann läuft der König zum Bauern g5 und macht alles klar.}) 52. Re5 Rf3
53. Re6+ Kb5 54. Rxg6 Bc5+ 55. Kc2 Kxa5 $11 {Das Endspiel ist remis.} 56. Rg4
Bb4 57. Rg5+ Ka4 58. Re5 Rc3+ 59. Kd1 Kb3 60. Ke2 Bc5 61. Re4 Kc2 62. Re5 Rc4
63. Rd5 Bd4 64. Rd8 Ra4 65. Rc8+ Bc3 66. Ke3 Ra7 67. Rd8 Re7+ 68. Kf4 Ba5 69.
Rd5 Bd2+ 70. Kf5 Kc3 71. Rd6 Rc7 72. Ke4 Rc5 73. Rd3+ Kc2 74. Rd5 Rc8 75. Rd6
Kd1 76. Kd3 Rc3+ 77. Kd4 Rg3 78. Rd7 Ke2 79. Re7+ Be3+ 80. Kc4 Kd2 81. Rd7+ Ke2
82. Kd5 Bd4 83. Ke4 Re3+ 84. Kd5 Kd3 85. Kd6 Rh3 86. Kd5 Rh5+ 87. Kd6 Ke4 88.
Re7+ Be5+ 89. Kc5 Rh1 90. Rd7 Rc1+ 91. Kb5 Bd4 92. Rd8 Kd3 93. Rd7 Rb1+ 94. Kc6
Kc4 95. Rb7 Rh1 96. Rc7 Rh6+ 97. Kd7+ Kd5 98. Rb7 {Nun zeigt uns Thies
Heinemann zwei wichtige Verteidigungsideen in diesem Endspiel. Hier hat er die
Verteidigungaufstellung auf der zweiten Reihe eingenommen.} Bc5 99. Rc7 Bb6
100. Rb7 Rh7+ 101. Kc8 Rh6 102. Kd7 Rg6 103. Kc8 Kc6 104. Rc7+ $1 {Und das ist
noch eine elementare Pattidee.} Kd6 105. Rd7+ Kc6 106. Rc7+ Bxc7 1/2-1/2

[Event "RUS-Cup6"]
[Site "Krasnodar"]
[Date "1997.03.15"]
[Round "5"]
[White "Morozevich, Alexander"]
[Black "Fedorov, Alexei"]
[Result "0-1"]
[WhiteElo "2595"]
[BlackElo "2580"]
[Annotator "Schulz,Andre"]
[PlyCount "54"]
[EventDate "1997.03.11"]
[EventType "swiss"]
[EventRounds "9"]
[EventCountry "RUS"]
[SourceTitle "EXT 2000"]
[Source "ChessBase"]
[SourceDate "1999.11.16"]
[SourceVersion "1"]
[SourceVersionDate "1999.11.16"]
[SourceQuality "1"]

1. e4 c5 2. Nf3 d6 3. d4 cxd4 4. Nxd4 Nf6 5. Nc3 g6 6. Be3 Bg7 7. f3 O-O 8. Qd2
Nc6 9. O-O-O Bd7 {Das dritte Beispiel mit diesem Zug in der Ausgabe CBM 59 und
gleichzeitig das ELO-hochklassigste.} 10. g4 Rc8 (10... Ne5 11. h4 Qa5 12. Kb1
Rfc8 $5 {vieleicht macht es einen Unterschied, ob der a-oder f-R nach c8 geht.}
) 11. h4 Ne5 12. h5 Qa5 13. Nb3 $6 {[%csl Rf3]} Qc7 14. Be2 $6 (14. Nd4 $142)
14... b5 $1 15. hxg6 (15. Nxb5 $2 Bxb5 16. Bxb5 Nxf3 $17) 15... fxg6 16. Kb1 (
16. g5 b4 17. Nb5 $140 Bxb5 18. gxf6 Bxe2 19. fxg7 Rxf3 20. Qxe2 Rxe3 $19)
16... b4 17. Nd5 Nxd5 18. Qxd5+ (18. exd5 Nxf3 19. Bxf3 Rxf3 20. Bd4 Bxg4 21.
Bxg7 Rxb3 (21... Kxg7 $4 22. Qh6+ $18) 22. Qh6 Qxc2+ 23. Ka1 Rh3 $19) 18... e6
(18... Kh8 $2 19. Rxh7+ $40) 19. Qd2 (19. Qxd6 $4 Qxc2+ 20. Ka1 Nc4 $19) 19...
Nxf3 20. Bxf3 Rxf3 $17 {Schwarz hat einen Bauern gewonnen, hat das Läuferpaar
und es gibt keine Drohungen gegen den schwarzen König.} 21. Bh6 (21. Bd4 $5)
21... Bxh6 (21... Be5 $5) 22. Rxh6 Bc6 (22... Rf7 23. Z0 a5 $140 24. Z0 a4) 23.
Qxb4 (23. Nd4) 23... Rf4 24. Ka1 $2 (24. Qxd6 $142) 24... Bxe4 25. c3 (25. Re1
e5 $19) 25... e5 26. Qa3 Rcf8 27. Nd2 Bc2 (27... Bc2 28. Rc1 Ra4 $19) 0-1

[Event "Canadian op"]
[Site "Edmonton"]
[Date "2009.07.15"]
[Round "5"]
[White "Hommeles, Theo"]
[Black "Samsonkin, Artiom"]
[Result "1-0"]
[WhiteElo "2412"]
[BlackElo "2403"]
[Annotator "Shabalov,A"]
[PlyCount "91"]
[EventDate "2009.07.11"]
[EventType "swiss"]
[EventRounds "9"]
[EventCountry "CAN"]
[SourceTitle "CBM 132 Extra"]
[Source "ChessBase"]
[SourceDate "2009.11.03"]
[SourceVersion "1"]
[SourceVersionDate "2009.11.03"]
[SourceQuality "1"]

1. e4 c5 2. Nf3 d6 3. d4 cxd4 4. Nxd4 Nf6 5. Nc3 g6 6. Be3 Bg7 7. Qd2 Nc6 8. f3
O-O 9. O-O-O d5 10. exd5 Nxd5 11. Nxc6 bxc6 12. Bd4 e5 13. Bc5 Be6 14. Ne4 Re8
15. g4 h6 16. h4 Qc7 17. g5 h5 18. Bc4 Red8 19. Qe1 $5 {Everything before was
standard d5 dragon tabia,but the last move is a rare one. While yielding in
popularity to} (19. Qf2 {by huge margin, the logic is there. White keeps an
eye on a5 square in case of Qb7 and prepares Rh2-d2}) 19... Rab8 20. Rh2 Qb7
21. b3 Nf4 {It is hard to suggest any other ideas for black in this typical
position,but after all the exchages a7 pawn is just weaker than h4.} 22. Rxd8+
Rxd8 23. Qa5 Rd7 24. Ba6 Qb8 25. Rd2 Rxd2 26. Qxd2 Bd5 27. Qa5 Bxe4 28. fxe4
Ne6 29. Be3 Bf8 30. Bc4 Nd4 31. c3 Nb5 32. a4 Nd6 33. Qa6 $6 {White plays
better position very safe.} (33. Qxe5 Bg7 34. Qf4 Qd8 35. e5 Nxc4 36. Qxc4 $16
{was the position from the game with extra pawn for white.}) (33. Qxa7 {
was too dangerous.} Qc8) 33... Nxc4 34. Qxc4 Qb7 35. b4 Qd7 36. a5 Qh3 37. Bf2
a6 38. Kb2 Qg2 39. Qe2 {White allowed black too much of the activity.Probably
Artem got under impression that his opponent will continue oh this road,so he
throws the caution away.} Bd6 {Prelude to a blunder.If black wanted to play
c6-c5} (39... Be7 {was necessary}) 40. Kb3 c5 $2 {And this simply loses.
Instead it looks like neither side can make progress after} (40... Kh7 $1 41.
Qc2 Bf8 42. Kb2 $11) ({not} 40... Kg7 41. Qd3 Bxb4 42. Bg3) 41. Qxa6 Qxe4 42.
Qxd6 Qb1+ 43. Ka4 Qc2+ 44. Kb5 Qe2+ 45. Kb6 Qxf2 46. Qxc5 1-0

[Event "Bundesliga 9899"]
[Site "Germany"]
[Date "1999.03.20"]
[Round "12.8"]
[White "Van der Wiel, John"]
[Black "Sievers, Stefan"]
[Result "1-0"]
[WhiteElo "2529"]
[BlackElo "2340"]
[Annotator "Sievers,S"]
[PlyCount "83"]
[EventDate "1998.10.17"]
[EventType "team-tourn"]
[EventRounds "15"]
[EventCountry "GER"]
[SourceTitle "GER-chT"]
[Source "ChessBase"]
[SourceDate "1999.07.01"]
[SourceVersion "1"]
[SourceVersionDate "1999.07.01"]
[SourceQuality "1"]
[WhiteTeam "Porz"]
[BlackTeam "Hamburger SK"]
[WhiteTeamCountry "GER"]
[BlackTeamCountry "GER"]

1. e4 c5 2. Nf3 d6 3. d4 cxd4 4. Nxd4 Nf6 5. Nc3 g6 6. Be3 Bg7 7. f3 Nc6 8. Qd2
O-O 9. O-O-O Nxd4 10. Bxd4 Be6 11. Kb1 Qc7 12. h4 Rfc8 13. h5 Qa5 14. hxg6 (14.
a3 $2 Nxh5 15. Bxg7 Kxg7 16. g4 Rxc3 17. Qxc3+ Qxc3 18. bxc3 Nf4 $44 {Kummerow,
H-Sievers,S BL 96/97}) 14... hxg6 15. a3 Rab8 16. Be3 $5 $146 {Diese Neuerung
erfolgte nach Angabe von van der Wiel unfreiwillig, weil er die Varianten
verwechselt hat. Trotzdem spricht nichts gegen diesen Zug, denn Weiß kann zur
Not die Züge wiederholen und eine andere Fortsetzung wählen.} (16. Bd3 Bc4 17.
Be3 {war die von van der Wiel geplante Fortsetzung.} Nd7 $1 18. Bxc4 Rxc4 19.
Nd5 Qxd2 20. Rxd2 Re8 $13 {Golubev}) 16... Nh5 $2 {Den ersten Fehler beim
ersten eigenen Zug, macht man natürlich nicht gern. Ich hatte bei der
Berechnung der verschiedenen Varianten einen Rechenfehler begangen.} (16... Nd7
$1 {Schwarz darf keine Zeit verlieren und muß sofort Gegendrohungen auf dem
Damenflügel schaffen. Die interessante Frage aus eröffnungstheoretischer Sicht
lautet nun, ob Weiß etwas besseres als 17.Ld4 hat.} 17. Nd5 (17. Bd4 Bxd4 $5 (
17... Nf6 {und Weiß kann nun einen anderen Versuch als 18.Le3 unternehmen.})
18. Qxd4 Qe5 $13) 17... Qxd2 18. Rxd2 Bxd5 19. exd5 a6 {und dank des
Raumvorteils sowie des Läuferpaars düfte Weiß etwas besser stehen. Trotzdem
steht dem Weißen noch eine Menge Arbeit ins Haus, wenn er diese Stellung
gewinnen will.}) (16... b5 $2 {scheint wohl doch zu verwegen zu sein. Weiß
bekommt nun dank der offenen h-Linie starken (und wahrscheinlich entscheidenen)
Angriff.} 17. Bh6 Bh8 (17... b4 $2 18. Bxg7 bxc3 19. Rh8+ Kxg7 20. Qh6#) 18.
Nd5 $1 $16 Qxd2 $2 19. Nxe7+ $18) 17. Ne2 $1 Qxd2 18. Rxd2 b6 19. g4 Nf6 20.
Nf4 Nd7 $6 (20... Bc4 21. g5 Nd7 22. Bh3 Rb7 (22... Rc7 23. b3 $16) 23. b3 Bb5
24. Nd5 $14) 21. g5 Ne5 22. Nxe6 fxe6 23. Bh3 Kf7 24. Rdh2 Rh8 25. f4 Nc4 $6 {
Nach diesem Zug stehen die schwarzen Figuren unkoordiniert. Weiß nutzt in der
Folge diesen Umstand sehr gut aus.} (25... Nf3 26. Rf2 Nd4 $14) 26. Bc1 b5 27.
b3 Nb6 28. Be3 Bc3 29. Bg4 Rxh2 30. Rxh2 e5 31. Rh7+ Kg8 32. Rxe7 $18 exf4 33.
Bxf4 Rf8 34. Be6+ Kh8 35. Bf7 Kg7 36. Bc4+ $1 Kh8 37. Rf7 Re8 38. Bd3 d5 39. e5
Bxe5 40. Bxb5 Re6 41. Bd2 Bd4 42. Rxa7 {und Schwarz gab nach Erreichen der
Zeitkontrolle angesichts der Ruine seiner Stellung auf.} 1-0

[Event "Haifa"]
[Site "Haifa"]
[Date "1995.??.??"]
[Round "11"]
[White "Svidler, Peter"]
[Black "Alterman, Boris"]
[Result "1-0"]
[WhiteElo "2585"]
[BlackElo "2575"]
[Annotator "Svidler,P"]
[PlyCount "127"]
[EventDate "1995.01.??"]
[EventType "tourn"]
[EventRounds "11"]
[EventCountry "ISR"]
[EventCategory "14"]
[SourceTitle "CBM 046"]
[Source "ChessBase"]
[SourceDate "1995.06.01"]
[SourceVersion "1"]
[SourceVersionDate "1995.06.01"]
[SourceQuality "1"]

1. e4 c5 2. Nf3 d6 3. d4 cxd4 4. Nxd4 Nf6 5. Nc3 g6 6. Be3 Bg7 7. f3 Nc6 8. Qd2
O-O 9. O-O-O d5 10. Qe1 e5 11. Nxc6 bxc6 12. exd5 Nxd5 13. Bc4 Be6 14. Ne4 Qc7
15. Bc5 Rfd8 16. Ng5 $5 (16. g4 Nf4 17. Qc3 Rd5 $5 $132 {Xie,J-Gufeld,E/Kuala
Lumpur/1994/1:0/37/}) (16. Qh4 h6 17. g4 Nf4 $5 18. Bd6 $6 (18. Bxe6 Nxe6 19.
Bd6 $14) 18... Rxd6 $1 19. Nxd6 Bd5 20. Bxd5 cxd5 21. Nb5 Qc5 $40 {Baron,
I-Komljenovic,D/Ibercaja op/1993/0:1/28/}) 16... Bc8 17. g4 Rb8 $5 {/\ 18...e4}
(17... h6 18. Ne4 Be6 19. Qf2 $132) 18. Ba3 Bh6 $5 (18... h6 19. Ne4 Be6 20.
Nc5 $14) 19. Qh4 (19. h4 f6 $19) 19... Kg7 20. f4 $1 Bxg5 (20... Nxf4 21. Rxd8
Qxd8 22. Qxh6+ $1 $18) (20... exf4 21. Nxf7 $1 $18) (20... f6 21. Rd3 $1 (21.
Ne6+ Bxe6 22. g5 Bxg5 $1 23. fxg5 f5 24. b3 $1 $44 {/\ Bb2}) 21... exf4 (21...
Nxf4 22. Rxd8 Bxg5 $4 (22... Qxd8 23. Qxh6+ $18) 23. Rg8#) 22. Rh3 $1 fxg5 23.
Qxh6+ Kg8 24. Qxg5 $16) (20... Re8 21. fxe5 $5 $16 (21. Bd6 $5 Bxg5 $1 (21...
Qxd6 22. Qxh6+ Kxh6 23. Nxf7+ Kg7 24. Nxd6 $18) 22. Bxc7 Bxh4 23. Bxb8 Nxf4 $44
) 21... Rxe5 (21... Qxe5 22. Qxh6+ Kxh6 23. Nxf7+ $18) 22. Bf8+ $1 $18) 21.
fxg5 Be6 22. Rde1 $1 Nf4 23. Bxe6 Nxe6 24. Re3 $1 {/\ 25.Qh6 Kg8 26.Rh3} Qa5 $5
(24... Qd7 25. Rd3 $1 Nd4 26. Re1 $16) 25. Qf2 $1 (25. Qe1 $5 Rd5 (25... Qxe1+
26. Rhxe1 Nxg5 27. h4 Ne6 28. Rxe5 $14) 26. c4 Qxe1+ 27. Rhxe1 Rd4 $13) 25...
Rd4 (25... Nxg5 $2 26. Rf1 $1 e4 (26... Kg8 27. h4 $18) 27. b4 $3 Qd5 (27...
Rxb4 28. Bxb4 Qxb4 29. Qf6+ $18) 28. Bb2+ $18) (25... Qd5 26. Rf1 Qxa2 27.
Qxf7+ Kh8 28. Rd3 $1 Rf8 $1 29. Bxf8 Rxf8 (29... Qxb2+ 30. Kd2 Rxf8 31. Qxe6
Qb4+ 32. c3 Qb2+ 33. Ke3 Qb6+ 34. Ke4 Rxf1 35. Qe8+ $18) 30. Qxf8+ Nxf8 31.
Rxf8+ Kg7 32. Rc8 $14) 26. Rhe1 $1 Rb5 27. Qf6+ Kg8 28. c3 Rf4 $8 (28... Rxg4
29. Rf1 $1 Qc7 (29... Rb7 30. Rxe5 $18) 30. Bd6 $1 Qd7 31. Bxe5 Rxe5 32. Qxe5
Rxg5 33. Qf6 $18) 29. Qe7 Qd8 30. Qxd8+ Nxd8 31. Rxe5 Ne6 32. h3 a6 33. Be7 Rb7
34. Bf6 Kf8 (34... h6 35. Rd1 Kf8 $1 (35... Rb8 36. Rxe6 $1 fxe6 37. Be5 $18)
36. h4 $1 $16) 35. R5e4 Rxe4 36. Rxe4 Ke8 37. Ra4 Rb6 38. Bd4 $1 c5 39. Be3 $18
Kd7 40. Rc4 Rc6 41. Kc2 Kd6 42. b3 Kd5 43. Kd3 Rd6 44. Ke2 Rc6 45. Kf3 Rd6 46.
Ra4 Rc6 47. Ra5 Ke5 48. b4 $1 Kd5 49. bxc5 Kc4 50. Ke4 $1 Nc7 (50... Kxc3 51.
Kd5 $18) 51. Ra4+ Kxc3 52. Bd4+ Kd2 53. Rb4 Ne6 54. Kd5 Rc8 55. Rb2+ Kd3 56.
Rb3+ Kc2 (56... Kd2 57. Kc4 $18) 57. Rc3+ Kd2 58. Bf6 $1 Nc7+ 59. Kd6 $1 Nb5+
60. Kd7 Rc7+ 61. Kd8 Rc6 62. Rc4 Kd3 63. Rc1 $1 Ke4 (63... Kd2 64. Bb2 $18 {
/\ 65.a4}) 64. a4 1-0

[Event "Khanty-Mansiysk FIDE GP"]
[Site "Khanty-Mansiysk"]
[Date "2015.05.14"]
[Round "1"]
[White "Karjakin, Sergey"]
[Black "Nakamura, Hikaru"]
[Result "1/2-1/2"]
[WhiteElo "2753"]
[BlackElo "2799"]
[Annotator "Szabo,Kr"]
[PlyCount "60"]
[EventDate "2015.05.14"]
[EventType "tourn"]
[EventRounds "11"]
[EventCountry "RUS"]
[EventCategory "21"]
[SourceTitle "CBM 167"]
[Source "ChessBase"]
[SourceDate "2015.07.13"]
[SourceVersion "1"]
[SourceVersionDate "2015.07.13"]
[SourceQuality "1"]

1. e4 {[%emt 0:00:33]} c5 {[%emt 0:00:37]} 2. Nf3 {[%emt 0:00:37]} d6 {[%emt 0:
00:36]} 3. d4 {[%emt 0:00:34]} cxd4 {[%emt 0:00:35]} 4. Nxd4 {[%emt 0:00:34]}
Nf6 {[%emt 0:00:40]} 5. Nc3 {[%emt 0:00:34]} g6 {[%emt 0:00:35] The Dragon is
Nakamura's one of favourite weapons.} 6. Be3 {[%emt 0:01:12]} Bg7 {[%emt 0:00:
51]} 7. f3 {[%emt 0:00:35]} O-O {[%emt 0:00:46]} 8. Qd2 {[%emt 0:00:35]} Nc6 {
[%emt 0:00:33]} 9. g4 {[%emt 0:01:12] This move has become very popular in the
last few years.} Be6 {[%emt 0:00:37]} 10. O-O-O {[%emt 0:01:52]} (10. Nxe6 $5 {
is the main alternative, which Nakamura also played himself,} fxe6 11. O-O-O
Ne5 12. Be2 Qc8 13. h4 Nfd7 14. f4 Nc4 15. Bxc4 Qxc4 16. e5 $1 Nb6 $2 (16...
Rad8 $5) 17. h5 $1 dxe5 18. hxg6 hxg6 19. Qh2 Rxf4 $1 20. Bxf4 Qxf4+ 21. Kb1 $1
Qxh2 22. Rxh2 Rf8 23. Ne4 $16 {Nakamura-Robson, Saint Louis 2012, and White is
better, but for the victory still he needs great technique.}) 10... Nxd4 {
[%emt 0:03:53]} 11. Bxd4 {[%emt 0:00:38]} Qa5 {[%emt 0:00:55]} 12. Kb1 {
[%emt 0:07:25]} (12. a3 Rfc8 13. h4 {is also a common line.}) 12... Rfc8 {
[%emt 0:05:33]} 13. a3 {[%emt 0:00:46]} Rab8 {[%emt 0:00:47] The most
straightforward reaction, Black prepares for the queenside attack by ...b5-b4.}
14. h4 {[%emt 0:02:04] White also continues his play.} b5 {[%emt 0:02:36]} 15.
Nd5 {[%emt 0:01:18] Important, otherwise ...b4 was too dangerous.} ({For
example:} 15. h5 $2 b4 16. axb4 Rxb4 {and Black is faster.}) 15... Qxd2 {
[%emt 0:01:12]} 16. Rxd2 {[%emt 0:00:41]} Bxd5 {[%emt 0:00:58]} 17. exd5 {
[%emt 0:00:39]} a5 {[%emt 0:00:50] Now we are in an endgame, where White has
two Bs, but Black is solid, so the position is approximately equal.} 18. h5 {
[%emt 0:04:19]} Nd7 {[%emt 0:00:36]} 19. g5 {[%emt 0:18:12]} Ne5 {[%emt 0:34:
28]} 20. Be2 {[%emt 0:12:04]} Nc4 {[%emt 0:01:59]} 21. Rdd1 $146 {[%emt 0:01:
28] Actually this is the first new move in the game.} (21. Rd3 b4 22. a4 Nb6 (
22... Rc7 $5) 23. b3 Rc7 24. Bf2 Rbc8 $5 {A nice move, which sacrifices the
b6-N.} 25. h6 ({Of course at this moment} 25. Bxb6 $2 {is bad, because of} Rxc2
$17 {and Black has a lot of threats.}) 25... Bh8 26. c4 bxc3 27. Bxb6 Rb7 28.
Bd4 Rxb3+ 29. Kc1 Bxd4 30. Rxd4 c2 31. Kd2 c1=Q+ 32. Rxc1 Rb2+ 33. Kd1 Rxc1+
34. Kxc1 Rxe2 35. Rc4 f6 $11 {Blomqvist-Azarov, Cappelle la Grande 2015, with
a drawish R endgame.}) 21... b4 {[%emt 0:23:29]} 22. a4 {[%emt 0:01:24] Of
course White wants to close the b-file.} Rc7 {[%emt 0:00:41]} 23. f4 {[%emt 0:
31:28]} Rf8 $5 {[%emt 0:06:07] An interesting place for the R. Until this
moment White had logical straightforward moves, but now it is not easy to
continue.} ({The simple} 23... Bxd4 24. Rxd4 Nb6 $11 {was also possible.}) 24.
Rh3 {[%emt 0:13:38]} (24. hxg6 fxg6 {was the idea behind 23...Rf8.}) 24... Bxd4
{[%emt 0:03:02]} 25. Rxd4 {[%emt 0:00:36]} Nb6 {[%emt 0:00:33]} 26. b3 {
[%emt 0:09:54]} Rc5 {[%emt 0:06:08]} 27. Rhd3 {[%emt 0:03:58]} Rfc8 {[%emt 0:
06:44]} 28. c4 $5 {[%emt 0:01:31] White wants to close the c-file, even with a
P sacrifice too.} (28. Rd2 {could have been met by} Rc3 29. Bd3 R8c5 $15 {
and the black R will penetrate into White's position.}) 28... bxc3 {[%emt 0:00:
55]} 29. Kc2 {[%emt 0:00:37]} Kf8 {[%emt 0:06:16]} 30. Bg4 {[%emt 0:02:07]}
R8c7 {[%emt 0:03:03] and a draw, because White closed the c-file, so neither
side can continue with his own plan.} 1/2-1/2

[Event "EU-Cup 31st"]
[Site "Skopje"]
[Date "2015.10.20"]
[Round "3.4"]
[White "Dubov, Daniil"]
[Black "Li, Chao B"]
[Result "0-1"]
[WhiteElo "2661"]
[BlackElo "2750"]
[Annotator "Szabo,Kr"]
[PlyCount "74"]
[EventDate "2015.10.18"]
[EventType "team-swiss"]
[EventRounds "7"]
[EventCountry "MKD"]
[SourceTitle "CBM 169"]
[Source "ChessBase"]
[SourceDate "2015.11.10"]
[SourceVersion "1"]
[SourceVersionDate "2015.11.10"]
[SourceQuality "1"]
[WhiteTeam "SHSM Legacy"]
[BlackTeam "Siberia"]
[WhiteTeamCountry "RUS"]
[BlackTeamCountry "RUS"]

1. e4 c5 2. Nf3 d6 3. d4 cxd4 4. Nxd4 Nf6 5. Nc3 Bd7 {A rare line, but
sometimes Li Chao plays it.} 6. Be2 (6. Bg5 {is the most popular line.
Recently Li Chao had a game with it,} e6 7. Qd2 h6 8. Bxf6 Qxf6 9. Ndb5 Bxb5
10. Bxb5+ Nc6 11. O-O-O a6 12. Bxc6+ bxc6 13. f4 Qd8 14. g4 Qa5 15. h4 Rb8 16.
Kb1 d5 $132 {Leko-Li Chao, Szeged 2015, with a double-edged fight.}) 6... g6 (
6... e5 {is more common.}) 7. Be3 Bg7 8. Qd2 Nc6 9. O-O-O O-O 10. h4 h5 11. Kb1
(11. f3 {is also possible.}) 11... Rc8 12. f3 (12. Bh6 {has also been tried,
for example} Nxd4 13. Bxg7 Kxg7 (13... Nxe2 14. Bxf6 Nxc3+ 15. Bxc3 $36 {
and White had the initiative, Karjakin-Morozevich, Moscow blitz 2013.}) 14.
Qxd4 Qa5 15. f4 Be6 $13 {with an unclear middlegame.}) 12... Ne5 13. Nd5 Nc4 ({
In the event of} 13... Nxd5 14. exd5 $40 {followed by g4. White looks nicely
placed.}) 14. Bxc4 Rxc4 15. b3 Nxd5 16. exd5 ({Of course the greedy} 16. bxc4
$2 {does not work because of} Nxe3 17. Qxe3 Qb6+ 18. Ka1 e5 $19 {and Black
wins.}) 16... Rc5 {A brave decision, Black sacrifices an exchange.} ({The
natural} 16... Rc8 {could have been met by} 17. g4 $1 hxg4 18. h5 $1 $40 {
with a strong attack.}) 17. Ne6 $1 Rxc2 $1 {The best practical chance.} (17...
fxe6 $2 {is bad, as} 18. Bxc5 dxc5 19. dxe6 $18 {and White is winning.}) 18.
Kxc2 ({Probably} 18. Qxc2 $1 {was more accurate,} fxe6 19. Qxg6 exd5 20. Rxd5
Qc8 21. Rc1 $1 Bf5+ 22. Rxf5 Qxf5+ 23. Qxf5 Rxf5 24. Bxa7 $16 {and White is a
healthy P up.}) 18... fxe6 19. dxe6 Qc7+ 20. Kb1 Bxe6 21. Bd4 {It is very
important to neutralise the g7 B.} Bf5+ 22. Ka1 e5 23. Bb2 Rd8 24. Rc1 Qe7 25.
Qb4 Qd7 26. Rhe1 Kh7 27. Rcd1 Qc7 28. Rc1 Qd7 29. Rcd1 Qc7 30. Qc3 Qe7 31. Qa5
b6 32. Qb4 Qc7 33. Rc1 Qd7 34. Rcd1 Qc7 {The previous moves were acceptable,
White did some manoeuvring with his Rs.} 35. Re2 $6 {An inaccuracy.} (35. g4 $1
{was stronger} hxg4 36. fxg4 $16 {is obviously better for White.}) 35... d5 $2
{An error in reply.} ({Black should have played} 35... Bh6 {and the B controls
the important c1-square.}) 36. Rc1 Qb8 37. Rxe5 $4 {Until this moment Dubov
played completely well, but now he made a terrible blunder, which loses
immediately.} (37. g4 $1 {was the correct move,} hxg4 38. fxg4 Be4 39. Qe7 $16
{and White is better.}) 37... Qxe5 $1 {This was the reply, which White missed
in the previous move. Dubov resigned.} (37... Qxe5 38. Bxe5 Bxe5+ 39. Rc3 Rc8
40. Qe7+ Bg7 $19 {and White is without hope.}) 0-1